August 23rd: Birthdays - Statistics

General Stats
  • This quiz has been taken 4 times
  • The average score is 3 of 9
Answer Stats
Year Clue Answer % Correct
1754 King of France Louis XVI
75%
1931 Actress in Dream of Jennie Barbara Eden
50%
1946 Part of band The Who Keith Moon
50%
1978 NBA player for the LA Lakers Kobe Bryant
50%
1769 Naturalist Georges Cuvier
25%
1970 Actor in Little Nikta River Phoenix
25%
1929 Actress in Pyscho Vera Miles
25%
1912 Actor in Going My Way Gene Kelly
0%
1942 Two-Time Major Champion Nancy Richey
0%
No matching quizzes found
Score Distribution
Percent of People with Each Score
Percentile by Number Answered
Your Score History
You have not taken this quiz